[Event "Mezinarodni sachovy festival PLZEN 2023 – CALLIDITAS OPEN"]
[Site "Plzen (Ceska republika)"]
[Date "2023.08.22"]
[Round "5.1"]
[White "Mametev, Artem"]
[Black "Eret, Matous"]
[Result "0-1"]
[WhiteElo "2035"]
[BlackElo "2321"]
[PlyCount "86"]
[EventDate "2023.08.19"]

1. e4 e5 2. Nf3 Nc6 3. Bb5 Nd4 4. Nxd4 exd4 5. O-O Bc5 6. d3 c6 7. Bc4 h5 8. Qf3 Qf6 9. Qxf6 Nxf6 10. a4 d5 11. exd5 cxd5 12. Re1+ Be6 13. Bb3 a5 14. Bf4 Kd7 15. Na3 Ng4 16. Nb5 Rac8 17. Re2 Nh6 18. Rae1 Nf5 19. Re5 Ne7 20. R5e2 h4 21. h3 Rh5 22. c3 Nc6 23. Bd2 g5 24. Bd1 Rh7 25. Bxg5 Rg8 26. cxd4 Rxg5 27. dxc5 Bxh3 28. f4 Rg3 29. Re3 Rxg2+ 30. Kh1 Rg3 31. Rxg3 hxg3 32. Kg1 Bf5 33. Kg2 Nb4 34. Nd6 Nxd3 35. Re5 Nxe5 36. fxe5 Be4+ 37. Kxg3 Ke6 38. Nxb7 Kxe5 39. Nxa5 Rg7+ 40. Kf2 Rg2+ 41. Ke1 Rxb2 42. Be2 Kd4 43. c6 Ke3 0-1

[Event "Mezinarodni sachovy festival PLZEN 2023 – CALLIDITAS OPEN"]
[Site "Plzen (Ceska republika)"]
[Date "2023.08.22"]
[Round "5.2"]
[White "Hurtak, Otto"]
[Black "Vilimek, Vit"]
[Result "0-1"]
[WhiteElo "1949"]
[BlackElo "2067"]
[PlyCount "76"]
[EventDate "2023.08.19"]

{[%evp 0,31,20,-14,-3,-16,34,10,7,9,24,-9,-12,-21,-15,-25,-13,-14,1,1,1,19,3,-1,14,-20,9,-10,59,23,6,16,11,-4]} 1. c4 Nf6 2. Nc3 g6 3. g3 Bg7 4. Bg2 O-O 5. e4 d6 6. Nge2 c5 7. O-O Nc6 8. d3 Ne8 9. Be3 Nc7 10. d4 cxd4 11. Nxd4 Ne6 12. Nxc6 bxc6 13. Qd2 Bd7 14. Rab1 Rc8 15. f4 c5 16. Ne2 Nd4 17. b3 Nc6 18. Rbd1 Bg4 19. Bf3 Bxf3 20. Rxf3 Qa5 21. Qxa5 Nxa5 22. Bf2 f5 23. exf5 gxf5 24. h3 Nc6 25. Kg2 a5 26. g4 a4 27. Ng3 fxg4 28. hxg4 axb3 29. axb3 Ra8 30. Ne4 Ra2 31. Kg3 Bd4 32. Bxd4 Nxd4 33. Nc3 Rc2 34. Re3 Rxc3 35. Rxc3 Ne2+ 36. Kf3 Nxc3 37. Rd2 Rb8 38. Rb2 Na4 0-1

[Event "Mezinarodni sachovy festival PLZEN 2023 – CALLIDITAS OPEN"]
[Site "Plzen (Ceska republika)"]
[Date "2023.08.22"]
[Round "5.3"]
[White "Klement, Lukas"]
[Black "Kubat, Miroslav"]
[Result "1/2-1/2"]
[WhiteElo "2304"]
[BlackElo "1922"]
[PlyCount "81"]
[EventDate "2023.08.19"]

1. d4 f5 2. Nf3 Nf6 3. g3 g6 4. Bg2 Bg7 5. O-O d5 6. c4 c6 7. Qb3 O-O 8. Nc3 e6 9. Ne5 Na6 10. Bg5 Nc7 11. a4 a5 12. Rad1 Na6 13. f3 Nb4 14. e4 b6 15. exd5 exd5 16. f4 Bb7 17. Rfe1 Re8 18. Na2 Nxa2 19. Qxa2 Qd6 20. Bxf6 Bxf6 21. Qb3 Qb4 22. Qxb4 axb4 23. cxd5 cxd5 24. b3 Rac8 25. Rc1 Bxe5 26. fxe5 Kf7 27. Kf2 Ke6 28. Bf1 Rxc1 29. Rxc1 Rc8 30. Rxc8 Bxc8 31. Bb5 g5 32. Kf3 h6 33. Bd3 Bb7 34. h3 Bc6 35. Ba6 Ke7 36. Bc8 Bd7 37. Bb7 Be6 38. h4 Kd7 39. hxg5 hxg5 40. g4 f4 41. Ba6 1/2-1/2

[Event "Mezinarodni sachovy festival PLZEN 2023 – CALLIDITAS OPEN"]
[Site "Plzen (Ceska republika)"]
[Date "2023.08.22"]
[Round "5.4"]
[White "Wawra, Juergen"]
[Black "Hladun, Bartlomiej"]
[Result "1/2-1/2"]
[WhiteElo "1970"]
[BlackElo "1632"]
[PlyCount "60"]
[EventDate "2023.08.19"]

{[%evp 0,60,29,1,25,25,25,24,21,25,26,9,26,9,34,7,24,-6,-9,-5,1,-18,-18,-22,6,0,23,-48,-18,-65,-65,-61,-40,-35,-27,-42,0,-87,-50,-24,-8,-14,21,0,6,17,20,8,8,16,9,3,11,-11,0,-3,-4,3,-7,-25,-25,-25,-25]} 1. c4 c6 2. Nf3 d5 3. cxd5 cxd5 4. d4 Nf6 5. Nc3 a6 6. e3 b5 7. a3 e6 8. Bd3 Bb7 9. O-O Nbd7 10. Ne5 Bd6 11. f4 O-O 12. Bd2 Nb6 13. Rf3 Ne4 14. Be1 f6 15. Ng4 f5 16. Ne5 Nc4 17. Qe2 Rc8 18. Na2 a5 19. Rh3 g6 20. Nc3 Nxc3 21. Bxc3 b4 22. axb4 axb4 23. Be1 Nxe5 24. fxe5 Be7 25. Rf3 Qb6 26. Rf1 Ra8 27. Bd2 b3 28. Rxa8 Rxa8 29. h3 Ra2 30. Bc3 Ba6 1/2-1/2

[Event "Mezinarodni sachovy festival PLZEN 2023 – CALLIDITAS OPEN"]
[Site "Plzen (Ceska republika)"]
[Date "2023.08.22"]
[Round "5.5"]
[White "Koper, Stefan"]
[Black "Soural, Jan"]
[Result "0-1"]
[WhiteElo "1720"]
[BlackElo "2210"]
[PlyCount "48"]
[EventDate "2023.08.19"]

1. d4 Nf6 2. c4 g6 3. Nc3 d5 4. cxd5 Nxd5 5. Nxd5 Qxd5 6. Nf3 Bg7 7. Bd2 O-O 8. Bc3 c5 9. e3 Nc6 10. Qb3 Qxb3 11. axb3 cxd4 12. exd4 Rd8 13. O-O-O Bf5 14. Ng5 h6 15. Nf3 Rac8 16. Bc4 a6 17. Ne5 Bxe5 18. dxe5 b5 19. Bd5 Nb4 20. Bxf7+ Kxf7 21. Rxd8 Na2+ 22. Kd2 Rxd8+ 23. Ke2 Nxc3+ 24. bxc3 Bc2 0-1

[Event "Mezinarodni sachovy festival PLZEN 2023 – CALLIDITAS OPEN"]
[Site "Plzen (Ceska republika)"]
[Date "2023.08.22"]
[Round "5.6"]
[White "Olbrich, Joachim"]
[Black "Honcharov, Makar"]
[Result "1/2-1/2"]
[WhiteElo "2107"]
[BlackElo "1842"]
[PlyCount "113"]
[EventDate "2023.08.19"]

1. e4 c6 2. d4 d5 3. Nd2 dxe4 4. Nxe4 Nf6 5. Nxf6+ exf6 6. Nf3 Bd6 7. Be2 O-O 8. O-O Qc7 9. c4 Rd8 10. Qc2 Nd7 11. Bd2 Nf8 12. Rad1 Ng6 13. Rfe1 Be6 14. b3 Bg4 15. h3 Bxf3 16. Bxf3 a5 17. Qe4 Rab8 18. a4 c5 19. d5 Be5 20. Be2 Re8 21. Qg4 Bd4 22. Bf1 Ne5 23. Qg3 Rbd8 24. Bd3 b6 25. Re2 Qd7 26. Bc2 f5 27. Rde1 f6 28. Kh1 Kf7 29. Qf4 g6 30. Qh4 Kg7 31. Bh6+ Kg8 32. Be3 Bxe3 33. Rxe3 Kg7 34. Qg3 Kf8 35. Qh4 Kg7 36. f4 Nf7 37. Re6 Rxe6 38. Rxe6 Re8 39. Qxf6+ Kg8 40. g4 fxg4 41. hxg4 Nd8 42. Re5 Nf7 43. Rxe8+ Qxe8 44. Qe6 Qd8 45. Kg2 Qh4 46. d6 g5 47. fxg5 Qxg5 48. d7 Qd2+ 49. Kf3 Kg7 50. Qe2 Qxd7 51. Bf5 Qc6+ 52. Kf2 Qf6 53. Qd3 Nd6 54. Kg3 Qe5+ 55. Kf3 h5 56. Qd5 hxg4+ 57. Bxg4 1/2-1/2

[Event "Mezinarodni sachovy festival PLZEN 2023 – CALLIDITAS OPEN"]
[Site "Plzen (Ceska republika)"]
[Date "2023.08.22"]
[Round "5.7"]
[White "Ondrejat, Miroslav"]
[Black "Mutinsky, Jakub"]
[Result "0-1"]
[WhiteElo "1861"]
[BlackElo "1658"]
[PlyCount "62"]
[EventDate "2023.08.19"]

1. c4 c5 2. Nc3 Nc6 3. g3 Nf6 4. Bg2 d6 5. Nf3 e6 6. O-O Be7 7. d4 cxd4 8. Nxd4 Nxd4 9. Qxd4 O-O 10. Rd1 a6 11. Bg5 Qc7 12. Rac1 Rd8 13. Be3 Nd7 14. Qd2 Rb8 15. Nd5 exd5 16. cxd5 Nc5 17. b4 b6 18. Bd4 Qd7 19. bxc5 dxc5 20. Ba1 Bb7 21. Qb2 Qg4 22. Qxb6 Bxd5 23. Qxa6 Ra8 24. Qb5 Rdb8 25. Qd3 Bxg2 26. Kxg2 Rxa2 27. Be5 Rba8 28. Ra1 h6 29. Rxa2 Rxa2 30. Ra1 Qxe2 31. Rxa2 Qxd3 0-1

[Event "Mezinarodni sachovy festival PLZEN 2023 – CALLIDITAS OPEN"]
[Site "Plzen (Ceska republika)"]
[Date "2023.08.22"]
[Round "5.8"]
[White "Hlavac, Rudolf"]
[Black "Zoufaly, Petr"]
[Result "1/2-1/2"]
[WhiteElo "1856"]
[BlackElo "1603"]
[PlyCount "71"]
[EventDate "2023.08.19"]

1. e4 e5 2. Nf3 Nc6 3. Bb5 d6 4. d4 Bd7 5. O-O Nf6 6. Nc3 a6 7. Bxc6 Bxc6 8. dxe5 Nxe4 9. Nxe4 Bxe4 10. exd6 Qxd6 11. Qe2 f5 12. Ng5 O-O-O 13. Nf7 Qg6 14. Ng5 Bc5 15. Nxe4 fxe4 16. Be3 Bd6 17. Rfd1 Rd7 18. Rd2 Rhd8 19. Rad1 Qe6 20. c4 Be5 21. b3 Rxd2 22. Rxd2 Rxd2 23. Qxd2 Qd6 24. Qxd6 cxd6 25. Kf1 Kc7 26. Ke2 Kc6 27. h3 d5 28. cxd5+ Kxd5 29. g4 Bf6 30. Bf4 Kd4 31. Bd2 Kd5 32. Bc1 Bd4 33. Ba3 a5 34. Bc1 b5 35. Bd2 a4 36. h4 1/2-1/2

[Event "Mezinarodni sachovy festival PLZEN 2023 – CALLIDITAS OPEN"]
[Site "Plzen (Ceska republika)"]
[Date "2023.08.22"]
[Round "5.10"]
[White "Zemen, Jiri"]
[Black "Velickov, Dominik"]
[Result "0-1"]
[WhiteElo "1851"]
[BlackElo "1376"]
[PlyCount "134"]
[EventDate "2023.08.19"]

1. e4 c5 2. Nf3 a6 3. d4 cxd4 4. Nxd4 e5 5. Nf3 Nc6 6. Nc3 Bb4 7. Bd2 Nf6 8. Bd3 d5 9. exd5 Nxd5 10. Be4 Nxc3 11. Bxc6+ bxc6 12. Bxc3 Bxc3+ 13. bxc3 Qxd1+ 14. Rxd1 Bg4 15. Rd3 Bxf3 16. Rxf3 Rb8 17. Kd2 Rb2 18. Ra1 Ke7 19. c4 Rd8+ 20. Kc3 Rdb8 21. Re3 Kf6 22. Rae1 Rxa2 23. Rxe5 Ra3+ 24. Kd4 Rd8+ 25. Ke4 Rc3 26. Re3 Rxc4+ 27. Kf3 Rxc2 28. R5e4 Rd5 29. Rf4+ Rf5 30. Rxf5+ Kxf5 31. Ra3 Rd2 32. Rxa6 Rd3+ 33. Ke2 Rd6 34. Ke3 g6 35. Ra7 Ke6 36. Ra5 h5 37. h4 Rd5 38. Ra6 Rd6 39. Ra5 Rd5 40. Ra6 Kd6 41. Ra7 Rf5 42. f3 Kc5 43. Rb7 Kc4 44. Rc7 c5 45. Ke4 Rf6 46. Ke3 Re6+ 47. Kd2 Ra6 48. g4 Ra2+ 49. Ke3 hxg4 50. fxg4 Rh2 51. Rxf7 Rxh4 52. Kf4 Rh8 53. Kg5 Rg8 54. Rf6 Kd4 55. Rd6+ Ke5 56. Rc6 Kd5 57. Rxg6 Rxg6+ 58. Kxg6 c4 59. Kf7 c3 60. g5 c2 61. g6 c1=Q 62. g7 Qc7+ 63. Kg6 Qd8 64. Kf7 Qd7+ 65. Kg8 Qe8+ 66. Kh7 Qh5+ 67. Kg8 Ke6 0-1

[Event "Mezinarodni sachovy festival PLZEN 2023 – CALLIDITAS OPEN"]
[Site "Plzen (Ceska republika)"]
[Date "2023.08.22"]
[Round "5.11"]
[White "Vlk, Miloslav"]
[Black "Jezek, Jakub"]
[Result "0-1"]
[WhiteElo "1963"]
[BlackElo "1583"]
[PlyCount "106"]
[EventDate "2023.08.19"]

1. c4 e6 2. Nc3 d5 3. d4 Nf6 4. Nf3 c6 5. e3 Nbd7 6. Bd3 Be7 7. O-O O-O 8. e4 dxc4 9. Bxc4 b5 10. Bd3 Nb6 11. Bf4 Bb7 12. Qe2 b4 13. Nb1 c5 14. dxc5 Bxc5 15. Nbd2 Nfd7 16. Nb3 f6 17. Rac1 Qe7 18. Rfd1 e5 19. Bc4+ Kh8 20. Bd2 Nxc4 21. Nxc5 Nxd2 22. Nxb7 Nxf3+ 23. Qxf3 Nb6 24. Nd6 Rfd8 25. Nf5 Rxd1+ 26. Rxd1 Qe6 27. b3 Rc8 28. h3 g6 29. Rd6 Qf7 30. Nh6 Qf8 31. Rxf6 Qxh6 32. g4 Qc1+ 33. Kg2 Qc5 34. Rf7 Qd6 35. Qe3 Kg8 36. Rxa7 Nd7 37. Rb7 Rc7 38. Rb5 Kg7 39. Rd5 Qe7 40. Qd2 Nf6 41. Rb5 Rb7 42. Ra5 Nxe4 43. Qe3 Nf6 44. Rxe5 Qd6 45. g5 Nh5 46. Kg1 Rf7 47. Re6 Qd5 48. Re4 Qd6 49. Re6 Qd1+ 50. Kh2 Qd5 51. Rb6 Nf4 52. Kg3 Qxg5+ 53. Kh2 Qg2# 0-1

[Event "Mezinarodni sachovy festival PLZEN 2023 – CALLIDITAS OPEN"]
[Site "Plzen (Ceska republika)"]
[Date "2023.08.22"]
[Round "5.12"]
[White "Hajek, Jindrich"]
[Black "Seterle, Matej"]
[Result "0-1"]
[WhiteElo "1517"]
[BlackElo "1890"]
[PlyCount "62"]
[EventDate "2023.08.19"]

{[%evp 0,62,19,28,89,67,75,64,67,51,69,66,72,47,82,84,77,84,83,83,83,82,84,53,62,45,61,33,72,68,112,90,107,79,96,122,100,105,109,97,127,118,126,116,119,-1,64,-160,5,-49,-149,-127,-123,-288,-311,-428,-480,-540,-481,-487,-494,-496,-481,-544,-548]} 1. e4 d6 2. d4 Nf6 3. Nc3 c6 4. Bd3 Qc7 5. Nge2 e5 6. f4 Bg4 7. h3 Bxe2 8. Bxe2 Nbd7 9. Be3 Be7 10. Qd2 b5 11. a3 a5 12. d5 Rb8 13. b4 axb4 14. axb4 exf4 15. Bxf4 Ne5 16. O-O O-O 17. Be3 Rb7 18. Ra6 cxd5 19. exd5 Rc8 20. Bd4 Qd7 21. Bxe5 dxe5 22. Bd3 Bxb4 23. Qg5 Bxc3 24. Rfxf6 e4 25. Rfd6 Bd4+ 26. Kh2 Qe8 27. Re6 fxe6 28. Rxe6 Qd8 29. Qxd8+ Rxd8 30. Bxe4 Rb6 31. Rc6 Rxc6 0-1

[Event "Mezinarodni sachovy festival PLZEN 2023 – CALLIDITAS OPEN"]
[Site "Plzen (Ceska republika)"]
[Date "2023.08.22"]
[Round "5.14"]
[White "Hodl, Vojtech"]
[Black "Krisman, Ondrej"]
[Result "1-0"]
[WhiteElo "1352"]
[BlackElo "1603"]
[PlyCount "47"]
[EventDate "2023.08.19"]

{[%evp 0,47,28,19,33,47,36,26,24,25,28,25,46,20,11,12,37,22,21,4,-2,-6,-5,-39,10,5,23,17,49,40,48,13,44,46,35,19,19,45,205,171,459,477,597,534,29991,29992,29993,29994,29995,29994]} 1. e4 c5 2. b3 d6 3. Bb2 Nc6 4. Bb5 Nf6 5. Nc3 Bg4 6. Bxc6+ bxc6 7. f3 Be6 8. Nge2 g6 9. d4 cxd4 10. Nxd4 Bd7 11. f4 c5 12. Nf3 Bg7 13. Nd5 Nh5 14. Bxg7 Nxg7 15. c4 O-O 16. O-O Bc6 17. f5 gxf5 18. exf5 Nxf5 19. Ng5 Bxd5 20. Qh5 h6 21. Rxf5 Be6 22. Nxe6 fxe6 23. Qg6+ Kh8 24. Rh5 1-0

[Event "Mezinarodni sachovy festival PLZEN 2023 – CALLIDITAS OPEN"]
[Site "Plzen (Ceska republika)"]
[Date "2023.08.22"]
[Round "5.15"]
[White "Chudek, Lubomir"]
[Black "Konig, Vlastislav"]
[Result "1-0"]
[WhiteElo "1748"]
[BlackElo "1514"]
[PlyCount "97"]
[EventDate "2023.08.19"]

1. e4 e5 2. Nf3 Nc6 3. Bc4 Nf6 4. O-O d6 5. Re1 Bg4 6. c3 Be7 7. d3 O-O 8. Nbd2 a5 9. a4 Re8 10. Nf1 Bf8 11. Ng3 Ne7 12. Bg5 Ng6 13. Qb3 Be6 14. Bxe6 fxe6 15. d4 h6 16. Bd2 exd4 17. cxd4 Kh8 18. Rad1 Qc8 19. Qd3 e5 20. d5 Be7 21. Nf5 Rf8 22. N3h4 Nxh4 23. Nxh4 Qg4 24. Nf5 Ng8 25. Bc1 Bg5 26. h3 Qh5 27. Qg3 g6 28. Bxg5 gxf5 29. Bd2 f4 30. Qf3 Nf6 31. Qxh5 Nxh5 32. f3 Rg8 33. Rc1 Rg7 34. Re2 Nf6 35. Be1 b6 36. Rec2 Rag8 37. b4 axb4 38. Bxb4 Ne8 39. a5 bxa5 40. Bxa5 h5 41. Rb1 Re7 42. Rb8 Kh7 43. Rc8 Rgg7 44. Kf1 Kg6 45. Ke2 Kg5 46. Kd3 Kh4 47. Be1+ Kg5 48. h4+ Kf6 49. Ba5 1-0

[Event "Mezinarodni sachovy festival PLZEN 2023 – CALLIDITAS OPEN"]
[Site "Plzen (Ceska republika)"]
[Date "2023.08.22"]
[Round "5.17"]
[White "Zelenka, Tomas"]
[Black "Krivka, Lukas"]
[Result "1/2-1/2"]
[WhiteElo "1280"]
[BlackElo "1380"]
[PlyCount "43"]
[EventDate "2023.08.19"]

{[%evp 0,43,36,18,69,71,68,48,47,25,51,66,50,32,32,32,32,32,30,30,30,32,31,12,12,22,11,-20,-26,-10,22,-11,-6,-4,-14,-37,-30,-55,-55,-61,-61,-61,-51,-61,-61,-61]} 1. e4 c6 2. d4 d5 3. Nc3 dxe4 4. Nxe4 Bf5 5. Ng3 Bg6 6. Nf3 Nd7 7. h4 h6 8. h5 Bh7 9. Bd3 Bxd3 10. Qxd3 e6 11. Bd2 Ngf6 12. O-O-O Bd6 13. Rhe1 Bxg3 14. fxg3 Nxh5 15. g4 Nhf6 16. g5 hxg5 17. Nxg5 Qe7 18. Rh1 O-O-O 19. Bf4 Nd5 20. Bd2 N5f6 21. Bf4 Nd5 22. Bd2 1/2-1/2

[Event "Mezinarodni sachovy festival PLZEN 2023 – CALLIDITAS OPEN"]
[Site "Plzen (Ceska republika)"]
[Date "2023.08.22"]
[Round "5.19"]
[White "Dolezal, Eduard"]
[Black "Souralova, Venuse"]
[Result "0-1"]
[WhiteElo "1151"]
[BlackElo "1405"]
[PlyCount "94"]
[EventDate "2023.08.19"]

1. d4 d5 2. c4 e6 3. Nc3 c5 4. e3 Nf6 5. Nf3 Be7 6. Be2 O-O 7. O-O b6 8. cxd5 Nxd5 9. Qc2 Bb7 10. Bd2 Nd7 11. Nxd5 Bxd5 12. e4 Bb7 13. Rac1 cxd4 14. Nxd4 Nf6 15. Be3 Bxe4 16. Bd3 Bxd3 17. Qxd3 e5 18. Qc3 exd4 19. Bxd4 Rc8 20. Qxc8 Qxc8 21. Rxc8 Rxc8 22. Re1 h6 23. g3 Bb4 24. Rd1 Rd8 25. f3 Bc5 26. Kf1 Rxd4 27. Rxd4 Bxd4 28. b3 Kf8 29. h3 Ke7 30. Ke2 Kd6 31. Kd3 Kd5 32. a4 Nh5 33. g4 Nf4+ 34. Kc2 Nxh3 35. Kb1 Ng1 36. f4 Ke4 37. Ka2 Kxf4 38. Ka3 Kxg4 39. Kb4 a6 40. Kc4 Bf2 41. Kd5 h5 42. Kd6 h4 43. Ke7 f5 44. Kd7 h3 45. Kc7 h2 46. Kb7 a5 47. Ka6 h1=Q 0-1

[Event "Mezinarodni sachovy festival PLZEN 2023 – CALLIDITAS OPEN"]
[Site "Plzen (Ceska republika)"]
[Date "2023.08.22"]
[Round "5.20"]
[White "Mojzisova, Barbora"]
[Black "Tykalova, Barbora"]
[Result "1/2-1/2"]
[WhiteElo "1119"]
[BlackElo "1154"]
[PlyCount "41"]
[EventDate "2023.08.19"]

1. e4 e5 2. Nf3 Nc6 3. d4 exd4 4. Nxd4 Bc5 5. Be3 Qf6 6. c3 Nge7 7. Bc4 Nxd4 8. Bxd4 Bxd4 9. Qxd4 Qg6 10. O-O d5 11. Be2 dxe4 12. Qe3 O-O 13. Nd2 f5 14. Bc4+ Kh8 15. g3 b6 16. f3 Re8 17. fxe4 Bb7 18. exf5 Nxf5 19. Qf4 Qc6 20. Rf3 Qc5+ 21. Rf2 1/2-1/2

[Event "Mezinarodni sachovy festival PLZEN 2023 – CALLIDITAS OPEN"]
[Site "Plzen (Ceska republika)"]
[Date "2023.08.22"]
[Round "5.21"]
[White "Koutecky, Vaclav"]
[Black "Tirb, Alexej"]
[Result "1-0"]
[WhiteElo "1307"]
[BlackElo "1213"]
[PlyCount "39"]
[EventDate "2023.08.19"]

{[%evp 0,39,19,28,40,21,29,9,39,31,74,48,48,55,59,15,2,-14,58,12,5,5,64,45,109,98,98,64,140,-35,-55,-39,88,72,72,70,590,615,29997,29998,29999,-30000]} 1. e4 c5 2. d4 cxd4 3. c3 dxc3 4. Nxc3 e5 5. Nf3 Nc6 6. Bc4 h6 7. O-O Nf6 8. Qe2 Bc5 9. Rd1 O-O 10. Be3 Bb6 11. Rac1 Qc7 12. Nb5 Qd8 13. Bb3 a6 14. Nc3 Bxe3 15. Qxe3 Qe7 16. Nh4 Qd8 17. Nf5 Re8 18. Qg3 g6 19. Qxg6+ Kf8 20. Qxf7# 1-0

[Event "Mezinarodni sachovy festival PLZEN 2023 – CALLIDITAS OPEN"]
[Site "Plzen (Ceska republika)"]
[Date "2023.08.22"]
[Round "5.22"]
[White "Fakan, Petr"]
[Black "Koutecka, Magdalena"]
[Result "1-0"]
[WhiteElo "1240"]
[BlackElo "1125"]
[PlyCount "25"]
[EventDate "2023.08.19"]

{[%evp 0,25,34,15,15,15,15,15,-6,-14,-26,-72,44,47,43,42,37,-44,65,24,28,-2,191,193,613,591,863,863]} 1. e4 e5 2. Nf3 Nc6 3. d4 exd4 4. Bc4 Nf6 5. O-O Bc5 6. e5 d5 7. exf6 dxc4 8. Re1+ Be6 9. fxg7 Rg8 10. Bg5 Qd6 11. Nbd2 Rxg7 12. Ne4 Qf8 13. Nf6+ 1-0

[Event "Mezinarodni sachovy festival PLZEN 2023 – CALLIDITAS OPEN"]
[Site "Plzen (Ceska republika)"]
[Date "2023.08.22"]
[Round "5.23"]
[White "Stepanek, Vit"]
[Black "Roubal, Frantisek"]
[Result "1/2-1/2"]
[WhiteElo "1564"]
[BlackElo "1293"]
[PlyCount "64"]
[EventDate "2023.08.19"]

{[%evp 0,64,22,19,32,37,68,53,53,47,106,102,107,90,99,89,155,157,145,67,105,93,128,154,132,169,154,154,196,196,242,246,246,84,84,61,71,47,62,55,87,73,115,107,114,117,129,128,143,113,148,119,139,88,86,94,88,94,97,87,86,82,79,68,79,58,72]} 1. e4 d5 2. exd5 Qxd5 3. Nc3 Qa5 4. d4 c6 5. Nf3 Bg4 6. h3 Bh5 7. Bd2 Qc7 8. g4 Bg6 9. Ne5 e6 10. h4 f6 11. Nxg6 hxg6 12. Bd3 Qf7 13. Qe2 Nd7 14. Bc4 O-O-O 15. Bxe6 Qe7 16. Bxg8 Rxg8 17. Qxe7 Bxe7 18. O-O-O Nb6 19. Bf4 Rd7 20. Ne4 Rd5 21. c3 Rh8 22. Bg3 f5 23. gxf5 Rxf5 24. Be5 Rh7 25. f4 Rfh5 26. Ng5 Bxg5 27. fxg5 Rxh4 28. Rxh4 Rxh4 29. Bxg7 Rg4 30. Bf6 Nd5 31. Rf1 Kd7 32. Rf2 Rf4 1/2-1/2